000 00718nam a2200229 i 4500
001 bg
100 1 _aMAĆKIEWICZ, Andrzej
245 1 0 _aAlgorytmy algebry liniowej :
_bmetody bezpośrednie : dla studentów kierunków technicznych, przyrodniczych i ekonomicznych /
_cAndrzej Maćkiewicz.
260 _aPoznań :
_bWydaw. Politechniki Poznańskiej,
_c2002.
300 _a385 s. :
_bil. ;
_c24 cm.
504 _aBibliogr. Indeks.
650 9 _aAlgebra liniowa
650 9 _aAlgorytmy
655 _aPodręczniki akademickie
020 _a8371434219
040 _cBPK
041 0 _apol
080 _a512.64:510.5](075.8)
920 _a83-7143-421-9
942 _cKS
008 s pl f |000 0 pol
999 _c43044
_d43044
856 _uhttp://koha.tu.koszalin.pl/cgi-bin/koha/opac-detail.pl?biblionumber=43044
_yKatalog online BPK